Conservación Caribe / (Registro nro. 19915)
[ vista simple ]
| 000 -CABECERA | |
|---|---|
| Campo de control | 00974nas a2200217 a 4500 |
| 005 - FECHA Y HORA DE LA ULTIMA TRANSACCION | |
| Campo de control | 20171002090125.0 |
| 008 - ELEMENTOS DE LONGITUD FIJA—INFORMACION GENERAL | |
| Campo de control | 160609c20069999ck rzp 0 b spa d |
| 022 ## - ISSN | |
| ISSN | 1909-1389 |
| 040 ## - FUENTE DE CATALOGACIÓN | |
| Agencia catalogadora original | CO-BoBLA |
| Agencia transcriptora | CO-BoBLA |
| Agencia Modificadora | CO-BoIAVH |
| 041 0# - IDIOMA | |
| Código de idioma para texto/pista de sonido o título separado | Español |
| 044 ## - PAÍS DE PUBLICACIÓN | |
| País de publicación | Colombia |
| 090 ## - CLASIFICACIÓN LOCAL | |
| Colección | SE |
| 245 00 - MENCION DE TITULO | |
| Título | Conservación Caribe / |
| Mención de responsabilidad | Sistema Regional de Areas Protegidas del Caribe Colombiano, SIRAP Caribe. |
| 260 ## - PUBLICACION, DISTRIBUCION, ETC. (PIE DE IMPRENTA) | |
| Lugar de publicación, distribución, etc. | Santa Marta (Colombia) : |
| Nombre del editor, distribuidor, etc. | Sistema Regional de Areas Protegidas del Caribe Colombiano, SIRAP Caribe., |
| Fecha de publicación, distribución, etc. | - |
| 300 ## - DESCRIPCION FISICA | |
| Otros detalles físicos | ilustraciones a color y fotografías a color ; |
| Dimensiones | 27 x 22 cm. |
| 500 ## - NOTA GENERAL | |
| Nota general | Descripción basada en : No.2 (Mayo. 2008) |
| 650 26 - ASIENTO SECUNDARIO DE MATERIA - TERMINO TEMATICO | |
| Término temático o nombre geográfico como elemento de entrada | Conservación de la naturaleza |
| Subdivisión geográfica | Caribe (Región, Colombia) |
| Subdivisión de forma | Publicaciones periódicas |
| 9 (RLIN) | 85542 |
| 650 26 - ASIENTO SECUNDARIO DE MATERIA - TERMINO TEMATICO | |
| Término temático o nombre geográfico como elemento de entrada | Protección ambiental |
| Subdivisión geográfica | Caribe (Región, Colombia) |
| Subdivisión de forma | Publicaciones seriadas. |
| 9 (RLIN) | 85543 |
| 650 26 - ASIENTO SECUNDARIO DE MATERIA - TERMINO TEMATICO | |
| Término temático o nombre geográfico como elemento de entrada | Recursos naturales |
| Subdivisión geográfica | Caribe (Región, Colombia) |
| Subdivisión de forma | Publicaciones seriadas. |
| 9 (RLIN) | 85544 |
| 942 ## - ELEMENTOS ADICIONALES (KOHA) | |
| Sistema de clasificación | Local |
| Tipo de ítem | Periodica o revista |
| Withdrawn status | Lost status | Sistema de Clasificación | Damaged status | No para préstamo | Colección | Fecha publicación (Año) | Número revista | Inventariado | Ubicación Permanente | Ubicación actual | Fecha de adquisición | Datos de publicación Seriada | Total Checkouts | Número topográfico | Inventario / Código de Barras | Date last seen | Ejemplar | Price effective from | Forma de adquisición | Tipo de material |
|---|---|---|---|---|---|---|---|---|---|---|---|---|---|---|---|---|---|---|---|---|
| Local | Hemeroteca | 2008 | 2 | Inventariado 2017 | Bogotá | Bogotá | 02/10/2017 | Número 2 (01/05/2008) | SE | 038621 | 02/10/2017 | Ej. 1 | 02/10/2017 | Donación | Periodica o revista |